000 00682nam a2200289Ia 4500
005 20260324133845.0
008 008 260324s9999 xx 000 0 eng d
020 _a9781315028972
037 _aEBOOK
040 _aCRL
040 _beng
040 _cCRL
041 _2eng
041 _aeng
084 _qCRL
100 _aDavid McMahan
_91194659
245 0 _aEmpty Vision
245 0 _bMetaphor and Visionary Imagery in Mahayana Buddhism
260 _bTaylor and Francis
260 _c2002
365 _a
365 _b300
856 _uhttp://www.taylorfrancis.com/books/9781315028972
942 _cEBOOK
999 _c1794135
_d1794135